| 000 | 00887nam a2200193Ii 4500 | ||
|---|---|---|---|
| 003 | JO-AjNU | ||
| 008 | 230605s9999||||xx |||||||||||||| ||und|| | ||
| 040 |
_aJO-AjNU _bara _erda _cJO-AjNU |
||
| 041 | _aara | ||
| 050 | 1 | 4 | _aHM101 2011 |
| 100 | 3 |
_aاعداد احمد، سامر خير ؛ ساعد في تنفيذ الدراسة امينة دغمش؛ الاخراج الفني هاشم نصار الحطاب, _eauthor _950551 |
|
| 245 | 0 | 0 | _aالواقع الثقافي في مجتمع مدينة عمان: دراسة ميدانية للعام 2011 مع مقارنة لنتائج العام 2010 |
| 264 | 3 | 1 | _aعمان: امانة عمان الكبرى، 2011 |
| 300 |
_a112ص _bيحتوي على صور من ص 99-112ص |
||
| 336 |
_atext _btxt _2rdacontent |
||
| 337 |
_aunmediated _bn _2rdamedia |
||
| 338 |
_avolume _bnc _2rdacarrier |
||
| 650 | 4 |
_aالتغير الثقافي _950552 |
|
| 999 |
_aA22275 _c25843 _d25843 |
||